[Event "Besancon op"]
[Site "Besancon"]
[Date "2005.12.28"]
[Round "5"]
[White "Mermet, Adrienne"]
[Black "Bottagisi, Aline"]
[Result "0-1"]
[WhiteElo "1150"]
[BlackElo "1690"]
[PlyCount "61"]
[EventDate "2005.12.27"]
[EventType "swiss"]
[EventRounds "7"]
[EventCountry "FRA"]
[SourceTitle "CBM 110 Extra"]
[Source "ChessBase"]
[SourceDate "2006.03.10"]
[SourceVersion "2"]
[SourceVersionDate "2006.03.10"]
[SourceQuality "1"]

1. e4 d5 2. exd5 Qxd5 3. Nf3 Nf6 4. Be2 Bg4 5. Nc3 Qa5 6. d4 c6 7. 0-0 e6 8. Qd3 Nbd7 9. Bd2 Qc7 10. Rfe1 0-0-0 11. Ne5 Nxe5 12. Qe3 Bxe2 13. dxe5 Bc4 14. exf6 gxf6 15. Ne4 Kb8 16. Nxf6 Bd6 17. g3 Be7 18. Bc3 h5 19. b3 Ba6 20. Be5 Bd6 21. Bxd6 Qxd6 22. Ne4 Qe7 23. c4 b6 24. Rad1 h4 25. Rxd8+ Qxd8 26. Ng5 Qg8 27. Qf4+ Ka8 28. Nxf7 Rh5 29. Nh6 Qh8 30. Rxe6 Qa1+ 31. Kg2 0-1